Top 10 najpopularniejszych marek fast foodów w Polsce 2023 - Statystyki

Ogólne statystyki
  • Ten quiz został rozwiązany 145 razy
  • Średni wynik to 5 z 10
Statystyki odpowiedzi
Liczba odwiedzin Odpowiedż % Poprawnych
25 Milionów KFC
99%
40 Milionów McDonald's
96%
15 Milionów Burger King
88%
8 Milionów Pizza Hut
66%
10 Milionów Subway
61%
7 MIlionów Starbucks
35%
6 Milionów Domino's Pizza
25%
4 Miliony North Fish
23%
5 Milionów Max Premium Burgers
17%
3 Miliony Sphinx
9%
Nie znaleziono quizów pasujących do podanych kryteriów
Rozkład punktacji
Procent ludzi z każdym wynikiem
Percentyl według liczby udzielonych odpowiedzi
Twoja historia wyników
Nie rozwiązałeś tego quizu